[Event "97th ch-GBR"]
[Site "Canterbury ENG"]
[Date "2010.08.02"]
[Round "7"]
[White "Greet,A"]
[Black "Anderson,J"]
[Result "1-0"]
[WhiteElo "2451"]
[BlackElo "2208"]

1.d4 e6 2.c4 Nf6 3.g3 c5 4.d5 exd5 5.cxd5 d6 6.Nf3 g6 7.Nc3 Bg7 8.Bg2 O-O
9.O-O a6 10.a4 Re8 11.Nd2 Nbd7 12.h3 Rb8 13.Nc4 Ne5 14.Nxe5 Rxe5 15.b3 b5
16.axb5 axb5 17.Bb2 Re7 18.b4 Nd7 19.Qc2 cxb4 20.Ne4 Ne5 21.Qb3 Bf5 22.Qxb4 Nc4
23.Bxg7 Kxg7 24.Nc3 Bd7 25.Rfc1 f5 26.e3 Qb6 27.Rab1 Ne5 28.Ne2 Be8 29.Nd4 Kg8
30.Nc6 Bxc6 31.Qxd6 Qc7 32.Qxc7 Rxc7 33.dxc6 Kf7 34.Rc5 Ke6 35.Rbxb5 Rxb5
36.Rxb5 Ra7 37.Rb2 Ra1+ 38.Kh2 Rc1 39.f4 Nc4 40.Re2 Nd6 41.g4 h6 42.Kg3 Rc3
43.Kf2 h5 44.g5 h4 45.Rd2 Nc4 46.Bd5+ Ke7 47.Bxc4 Rxc4 48.Rd7+ Ke6 49.Rg7 Rc2+
50.Kf3 Kd5  1-0

[Event "Negroponte Open"]
[Site "Chalkis GRE"]
[Date "2010.08.12"]
[Round "4"]
[White "Malikentzos,S"]
[Black "Neverov,V"]
[Result "1/2-1/2"]
[WhiteElo "2239"]
[BlackElo "2544"]

1.d4 Nf6 2.c4 e6 3.g3 c5 4.d5 exd5 5.cxd5 d6 6.Nc3 g6 7.Nf3 Bg7 8.Bg2 O-O
9.O-O Re8 10.Bf4 Nh5 11.Bg5 f6 12.Bd2 Na6 13.e4 f5 14.Ng5 Nf6 15.Re1 Nc7
16.exf5 Rxe1+ 17.Qxe1 Bxf5 18.Ne6 Nxe6 19.dxe6 Qe7 20.Bf4 Re8 21.Rd1 Bxe6
22.Rxd6 g5 23.Rxe6 Qxe6 24.Qxe6+ Rxe6 25.Bxg5 Re1+ 26.Bf1 Ng4 27.Kg2 Bd4
28.Bc4+ Kg7 29.Nb5 Bxb2 30.Nxa7 Bd4 31.Nb5 Bxf2 32.Kf3 h5 33.h3 Be3 34.hxg4 Bxg5
35.gxh5 Rc1 36.Nd6 Be7 37.Nf5+ Kf6 38.Ne3 Kg5 39.g4 Bf6 40.Bb5 Bd4 41.Nc4 Rc3+
42.Ke4 Kxg4 43.a4 Kxh5 44.Na5 Re3+ 45.Kd5 Re7 46.Kd6 Rg7 47.Nb3 Rg5 48.Kc7 Rg7+
49.Kd6 Rg5 50.Kc7 Rg3 51.Na5 Rg7+ 52.Kb8 Be5+ 53.Ka7 Bd4 54.Kb8 Be5+ 55.Ka7 Bd4  1/2-1/2

[Event "e2e4 Autumn Masters A"]
[Site "Uxbridge ENG"]
[Date "2010.08.12"]
[Round "2"]
[White "Poobalasingam,P"]
[Black "Buckley,G"]
[Result "0-1"]
[WhiteElo "2326"]
[BlackElo "2380"]

1.d4 Nf6 2.c4 e6 3.g3 c5 4.d5 exd5 5.cxd5 b5 6.Bg2 d6 7.e4 Bb7 8.Nh3 g6 9.O-O Bg7
10.Qe2 O-O 11.Rd1 Qb6 12.a4 a6 13.axb5 axb5 14.Rxa8 Bxa8 15.Na3 c4 16.Be3 Qb7
17.b3 Qa6 18.Nc2 Nbd7 19.Ra1 Qc8 20.bxc4 bxc4 21.Ra4 Ne5 22.Bd4 Nfd7 23.Ne3 c3
24.f4 Nc5 25.Bxc5 Qxc5 26.fxe5 c2 27.Qxc2 Qxe3+ 28.Qf2 Qc1+ 29.Qf1 Qe3+ 30.Qf2 Qb3
31.Qa2 Qxa2 32.Rxa2 Bxe5 33.Ng5 Bd4+ 34.Kh1 Rb8 35.h4 Rb1+ 36.Kh2 Bb7 37.Nf3 Bb6
38.Nd2 Rb4 39.Rc2 Ba6 40.Rc6 Rb2 41.Nc4 Bxc4 42.Rxc4 Rb3 43.g4 Bf2 44.h5 Bg3+
45.Kg1 Kg7 46.hxg6 hxg6 47.Rc1 Kh6 48.Rf1 Rb7 49.Bf3 Kg5 50.Kg2 Be5 51.Bd1 f6
52.Kf3 Rc7 53.Ke3 Rc3+ 54.Kd2 Rh3 55.Bf3 Rh2+ 56.Kd3 Ra2 57.Bd1 Ra3+ 58.Ke2 Kxg4
59.Rg1+ Bg3 60.Kd2+ Kf4 61.Bc2 Ke5 62.Rh1 Kd4 63.Rf1 Bh4 64.e5 fxe5 65.Bxg6 Kxd5
66.Rg1 Bg3 67.Rb1 e4 68.Rb4 Bf4+ 69.Kc2 Re3 70.Bf7+ Ke5 71.Rb5+ Kf6 72.Bd5 Re1
73.Rb1 Re2+ 74.Kb3 Ke5 75.Bc4 Rd2 76.Rh1 d5 77.Rh5+ Kd6 78.Ba6 e3 79.Rf5 Be5
80.Rf3 d4  0-1

[Event "7th Open"]
[Site "Kalamaria GRE"]
[Date "2010.08.27"]
[Round "3"]
[White "Argiroudis,S"]
[Black "Grigorov,G"]
[Result "1/2-1/2"]
[WhiteElo "2315"]
[BlackElo "2503"]

1.d4 Nf6 2.c4 e6 3.g3 c5 4.Nf3 cxd4 5.Nxd4 d5 6.Bg2 e5 7.Nb3 d4 8.O-O Nc6
9.Bg5 Be7 10.e3 O-O 11.N1d2 a5 12.exd4 exd4 13.Nf3 d3 14.Nc1 h6 15.Bxf6 Bxf6
16.Nxd3 Bf5 17.Nfe1 Rc8 18.Bd5 Nd4 19.Bxb7 Rxc4 20.Bg2 Re8 21.Nf4 Bg5 22.b3 Rc5
23.Nf3 Bf6 24.Nxd4 Bxd4 25.Rc1 Rxc1 26.Qxc1 Qb6 27.Qc6 Bxf2+ 28.Kh1 Qxc6
29.Bxc6 Re1 30.Kg2 Rxf1 31.Kxf1 Bc5 32.Ke2 Kf8 33.Nd5 g5 34.Ne3 Bb1 35.a4 Ke7
36.Bb5 f5 37.Nc4 Bb4 38.Ne3 Bc5 39.Nc4 Bb4 40.Ne5 Bc3 41.Nd3 Bc2 42.Bc4 Kd6
43.Bf7  1/2-1/2

[Event "7th Malaysia Open"]
[Site "Kuala Lumpur MAS"]
[Date "2010.09.01"]
[Round "1"]
[White "Nakamura,N"]
[Black "Vijayalakshmi,S"]
[Result "0-1"]
[WhiteElo "2064"]
[BlackElo "2466"]

1.d4 Nf6 2.c4 e6 3.g3 c5 4.d5 b5 5.Bg2 Bb7 6.e4 bxc4 7.Nc3 exd5 8.exd5 Be7
9.Nf3 d6 10.Nd2 Ba6 11.O-O O-O 12.Re1 Nfd7 13.h4 Nb6 14.Nde4 N8d7 15.Bf4 Qc7
16.Ng5 Rae8 17.Qc2 Nf6 18.Be4 g6 19.Bf3 Nfd7 20.Nge4 f5 21.Ng5 Bxg5 22.hxg5 Ne5
23.Bg2 Nd3 24.Re2 Qd7 25.Rd1 Rxe2 26.Qxe2 Re8 27.Qc2 Bb7 28.b3 Nxf4 29.gxf4 cxb3
30.axb3 a6 31.Qd2 Qe7 32.Bf3 h6 33.gxh6 Kh7 34.Kg2 Kxh6 35.Qb2 Qf6 36.Qd2 Kg7
37.Re1 Rxe1 38.Qxe1 Kf8 39.Na4 Nxd5 40.Qd2 Qe6  0-1

[Event "9th Georgiev-Kesarovski Mem"]
[Site "Sunny Beach BUL"]
[Date "2010.09.02"]
[Round "6"]
[White "Ninov,D"]
[Black "Yakimenko,A"]
[Result "1/2-1/2"]
[WhiteElo "2020"]
[BlackElo "2091"]

1.d4 Nf6 2.c4 e6 3.g3 c5 4.Nf3 cxd4 5.Nxd4 d5 6.Bg2 e5 7.Nf3 d4 8.O-O Nc6
9.e3 Be7 10.exd4 exd4 11.b3 O-O 12.Bb2 Bc5 13.Ne1 Bg4 14.Nf3 Qd7 15.a3 a5
16.Nbd2 Rad8 17.Re1 Rfe8 18.Rxe8+ Rxe8 19.Qf1 Qf5 20.Re1 Rd8 21.Rc1 h6 22.h3 Bxf3
23.Nxf3 d3 24.Nh4 Qg5 25.Kh2 Nh5 26.Rd1 Rd7 27.Bxc6 bxc6 28.Bc3 Qd8 29.b4 axb4
30.axb4 Bf8 31.Rd2 Nf6 32.Qg2 Qb6 33.c5 Qb5 34.Bxf6 Qxb4 35.Rd1 gxf6 36.Qxc6 Qd4
37.Rd2 Rd5 38.Nf3 Qxc5 39.Qxc5 Bxc5 40.Ne1 Bxf2 41.Rxd3 Ra5 42.Ng2 Ra2 43.Rf3 Kg7
44.Nf4 Be3+ 45.Ng2 Bd4 46.Rd3 Ba7 47.Rb3 f5 48.h4 Kf6 49.Kh3 Bg1 50.Rb1 Bf2
51.Rb3 Ke5 52.Rb5+ Ke4 53.Rb4+ Bd4 54.Rb3 Rb2 55.Ra3 Rc2 56.Nf4 Be5 57.Ra4+ Kf3
58.Ra3+ Rc3 59.Rxc3+ Bxc3 60.Nd5 Be5 61.Ne7 Ke4 62.Kg2 h5 63.Nc6 Bc3 64.Nd8 f6
65.Ne6 Be5 66.Ng7 f4 67.gxf4 Bxf4  1/2-1/2

[Event "7th Malaysia Open"]
[Site "Kuala Lumpur MAS"]
[Date "2010.09.06"]
[Round "8"]
[White "Wen Yang"]
[Black "Cao,S"]
[Result "1/2-1/2"]
[WhiteElo "2520"]
[BlackElo "2535"]

1.d4 e6 2.c4 Nf6 3.g3 c5 4.d5 exd5 5.cxd5 b5 6.Nf3 Bb7 7.e4 Nxe4 8.Bg2 Be7
9.O-O Nd6 10.Re1 O-O 11.Bf4 Re8 12.Nc3 Na6 13.Ne5 Bf8 14.a4 bxa4 15.Qxa4 Nb4
16.h4 h6 17.Nxd7 Rxe1+ 18.Rxe1 Nd3 19.Bxd6 Nxe1 20.Bxf8 Bc8 21.Bh3 Bxd7 22.Bxd7 Nf3+
23.Kg2 Ne5 24.Bxg7 Kxg7 25.Bf5 Qd6 26.Nb5 Qf6 27.Be4 Ng4 28.Bf3 Ne5 29.Be4 Ng4  1/2-1/2

[Event "39th Olympiad Men"]
[Site "Khanty-Mansiysk RUS"]
[Date "2010.09.28"]
[Round "7"]
[White "Pitterson,J"]
[Black "Obodchuk,A"]
[Result "1/2-1/2"]
[WhiteElo "2242"]
[BlackElo "2395"]

1.d4 Nf6 2.c4 e6 3.g3 c5 4.d5 exd5 5.cxd5 d6 6.Nc3 g6 7.Bg2 Bg7 8.Nf3 O-O
9.O-O a6 10.a4 Nbd7 11.Bf4 Qe7 12.h3 h6 13.e4 g5 14.Bc1 Rb8 15.a5 Ne8 16.Qc2 Nc7
17.Bd2 b5 18.axb6 Nxb6 19.Nd1 Nb5 20.Re1 g4 21.hxg4 Bxg4 22.Bc3 Nxc3 23.bxc3 Bxf3
24.Bxf3 Nxd5 25.Rxa6 Qe5 26.Re2 Nc7 27.Rc6 Nb5 28.Qd3 Rfd8 29.Rd2 Nxc3 30.Nxc3 Qxc3
31.Qxc3 Bxc3 32.Rdxd6 Rxd6 33.Rxd6 Bd4 34.Be2 Rb2 35.Kf1 Kg7 36.Rd5 Rc2 37.Rd6 f6
38.Rd7+ Kg8 39.Ra7 Kf8 40.Rc7 Ke8 41.Ra7 Kd8 42.Rb7 Ra2 43.Rh7 Ra4 44.Rxh6 c4
45.Rh5 c3 46.Rd5+ Kc7 47.Bd3 Bb6 48.Rf5 Ra1+ 49.Kg2 Rd1 50.Bc2 Rd2 51.Ba4 Bd4
52.Kh3 c2 53.Bxc2 Rxc2 54.f4 Re2 55.e5 fxe5 56.fxe5 Bxe5 57.Kg4 Kd6 58.Rf3 Kd5
59.Kf5 Bd4 60.g4 Re8 61.g5 Rf8+ 62.Kg4 Rg8 63.Kf5 Ra8 64.g6 Re8 65.Rd3 Rf8+
66.Kg5 Rf1 67.g7 Rg1+ 68.Kh6 Ke4 69.Rxd4+ Kxd4 70.Kh7 Rxg7+ 71.Kxg7  1/2-1/2

[Event "Continental Class Ch"]
[Site "Arlington USA"]
[Date "2010.10.08"]
[Round "3"]
[White "Enkhbat,T1"]
[Black "Kacheishvili,G"]
[Result "1/2-1/2"]
[WhiteElo "2384"]
[BlackElo "2568"]

1.d4 Nf6 2.c4 e6 3.g3 c5 4.d5 exd5 5.cxd5 d6 6.Nc3 g6 7.Nf3 Bg7 8.Bg2 O-O
9.O-O Re8 10.Nd2 a6 11.a4 Nbd7 12.h3 Rb8 13.Nc4 Ne5 14.Na3 Nh5 15.e4 Bd7
16.g4 Nf6 17.g5 Nh5 18.f4 b5 19.fxe5 b4 20.Nc4 bxc3 21.bxc3 Rxe5 22.Qf3 Be8
23.Nxe5 Bxe5 24.Bd2 Rb2 25.Rf2 Qa5  1/2-1/2

[Event "Tatry Open"]
[Site "Tatranske Zruby CZE"]
[Date "2010.10.09"]
[Round "9"]
[White "Jancura,A"]
[Black "Ptacnik,S"]
[Result "1/2-1/2"]
[WhiteElo "1945"]
[BlackElo "2109"]

1.d4 Nf6 2.c4 e6 3.g3 c5 4.Nf3 cxd4 5.Nxd4 d5 6.Bg2 e5 7.Nb3 d4 8.O-O Nc6
9.Bg5 Be7 10.N1d2 O-O 11.Bxf6 Bxf6 12.Nc1 Bf5 13.Nd3 Re8 14.Ne4 Be7 15.a3 a5
16.Qd2 Bg6 17.g4 Qc8 18.h3 h6 19.b4 f5 20.gxf5 Bxf5 21.b5 Nd8 22.Ng3 Bxh3
23.Bd5+ Kh8 24.Nxe5 Bf5 25.Qf4 Bf6 26.Qxf5 Qxf5 27.Nxf5 Rxe5 28.Ng3 Ne6 29.Bxe6 Rxe6
30.Rac1 b6 31.c5 bxc5 32.Rxc5 Be7 33.Rc6 Rxc6 34.bxc6 Bxa3 35.Nf5 Rc8 36.Ra1 Bb4
37.Nxd4 Bc3 38.Ra4 Bxd4 39.Rxd4 Rxc6 40.Rd8+ Kh7 41.Ra8 Rc5 42.f4 Kg6 43.Kf2 h5
44.e4 h4 45.Kf3 h3 46.Kg3 Rc3+ 47.Kh2 Ra3 48.Ra6+ Kh5 49.f5 Kh4 50.Ra7 Ra2+
51.Kh1 Re2 52.Rxg7 Rxe4 53.f6 Rf4 54.Rh7+ Kg4 55.Rg7+ Kf3 56.Ra7 a4 57.Kh2 Kg4
58.Ra8 Kg5 59.f7  1/2-1/2

[Event "Chigorin Mem Classic Open"]
[Site "St Petersburg RUS"]
[Date "2010.10.29"]
[Round "2"]
[White "Maletin,P"]
[Black "Sergienko,S"]
[Result "1/2-1/2"]
[WhiteElo "2621"]
[BlackElo "2417"]

1.d4 Nf6 2.c4 e6 3.g3 c5 4.Nf3 cxd4 5.Nxd4 d5 6.Bg2 e5 7.Nf3 d4 8.O-O Nc6
9.e3 Bc5 10.exd4 exd4 11.Nbd2 O-O 12.Nb3 Qb6 13.Nxc5 Qxc5 14.Qb3 Be6 15.Nd2 Rab8
16.Qb5 Qe7 17.b3 h6 18.Re1 Bxc4 19.Rxe7 Bxb5 20.Re1 Rfe8 21.Ba3 Rxe1+ 22.Rxe1 Rd8
23.Rc1 Re8 24.Bc5 Re2  1/2-1/2

[Event "CONPET Cup 2010"]
[Site "Ploiesti ROU"]
[Date "2010.10.30"]
[Round "7.2"]
[White "Miroiu,G"]
[Black "Iordache,A"]
[Result "1-0"]
[WhiteElo "2219"]
[BlackElo "2001"]

1.d4 Nf6 2.g3 e6 3.c4 c5 4.d5 b5 5.dxe6 fxe6 6.Bg2 d5 7.cxd5 exd5 8.Nc3 Be6
9.Bg5 Be7 10.Bxf6 Bxf6 11.Nxd5 O-O 12.Nf4 Bd4 13.Nxe6 Qa5+ 14.Qd2 Bxf2+ 15.Kd1 Nc6
16.Qxa5 Nxa5 17.Nxf8 Rxf8 18.Bd5+ Kh8 19.e4 Bd4 20.Ne2  1-0

[Event "14th OIBM"]
[Site "Bad Wiessee GER"]
[Date "2010.11.02"]
[Round "5.18"]
[White "Graf,A"]
[Black "Lindemann,C"]
[Result "1-0"]
[WhiteElo "2606"]
[BlackElo "2217"]

1.d4 Nf6 2.c4 e6 3.g3 c5 4.Nf3 cxd4 5.Nxd4 d5 6.Bg2 e5 7.Nc2 d4 8.f4 Nc6
9.fxe5 Qa5+ 10.Nd2 Ng4 11.O-O Qxe5 12.Ne4 Be7 13.Bf4 Qh5 14.h3 Nge5 15.g4 Qg6
16.Nxd4 O-O 17.Nxc6 Nxc6 18.Nd6 Bxd6 19.Qxd6 Be6 20.Qd3 Rfd8 21.Qxg6 hxg6
22.b3 Kf8 23.Rfd1 Ke7 24.Kf2 a5 25.Rxd8 Nxd8 26.Rb1 Nc6 27.c5 Ra7 28.a3 Nd4  1-0

[Event "Chigorin Mem Classic Open"]
[Site "St Petersburg RUS"]
[Date "2010.11.02"]
[Round "6"]
[White "Iskusnyh,S"]
[Black "Ponkratov,P"]
[Result "0-1"]
[WhiteElo "2465"]
[BlackElo "2592"]

1.d4 Nf6 2.c4 e6 3.g3 c5 4.d5 exd5 5.cxd5 g6 6.Nc3 Bg7 7.Bg2 O-O 8.Nf3 Re8
9.O-O a6 10.a4 d6 11.Nd2 Nbd7 12.h3 Nh5 13.Nce4 Ndf6 14.Nxf6+ Nxf6 15.Nc4 Ne4
16.Kh2 f5 17.f3 Ng5 18.Bf4 Nf7 19.e4 fxe4 20.fxe4 Bd7 21.Qb3 Bxa4 22.Rxa4 b5
23.Ra3 bxc4 24.Qxc4 Bxb2 25.Rxa6 Rxa6 26.Qxa6 Be5 27.Rb1 Qf6 28.Qf1 Rf8 29.Rb7 g5
30.Bxe5 Nxe5 31.Qxf6 Rxf6 32.Kg1 Rf7 33.Rb6 c4 34.Rb8+ Rf8 35.Rxf8+ Kxf8
36.Kf2 Ke7 37.Ke3 c3 38.Bf1 Kf6 39.Be2 Nd7 40.Bd1 Ke5 41.h4 gxh4 42.gxh4 Nc5
43.Be2 Nb3 44.Bd3 Nd4 45.Bf1 h6 46.h5 c2 47.Kd2 Kxe4 48.Bg2+ Kf4  0-1

[Event "TCh-CZE 2010-11"]
[Site "Frydek Mistek CZE"]
[Date "2010.11.06"]
[Round "1.4"]
[White "Jirka,J"]
[Black "Oral,T"]
[Result "0-1"]
[WhiteElo "2424"]
[BlackElo "2533"]

1.d4 Nf6 2.c4 e6 3.g3 c5 4.d5 exd5 5.cxd5 b5 6.f3 c4 7.a4 Bc5 8.axb5 Qb6
9.Nh3 O-O 10.e4 d6 11.Na3 Bb4+ 12.Bd2 Qe3+ 13.Be2 Bxd2+ 14.Qxd2 Qxd2+ 15.Kxd2 Bxh3
16.Nxc4 Nbd7 17.Nxd6 Ne8 18.Nc4 Nc7 19.Ne3 f5 20.Rhc1 Ne8 21.Rc4 fxe4 22.fxe4 Nef6
23.Rc3 Rac8 24.Rxc8 Rxc8 25.Bd3 Nc5 26.Rxa7 Nfxe4+ 27.Bxe4 Nxe4+ 28.Kd3 Nd6
29.Ra6 Nxb5 30.Rb6 Bd7 31.Rb7 Be8 32.Nf5 Bg6 33.Rxb5 Bxf5+ 34.Kd4 Bh3 35.Rc5 Rb8
36.Kc3 Kf7 37.Rc7+ Kf6 38.d6 Rd8 39.b4 Rxd6 40.b5 Bf1  0-1

[Event "TCh-HUN 2010-11"]
[Site "Paks HUN"]
[Date "2010.11.21"]
[Round "3"]
[White "Zentai,P2"]
[Black "Groszpeter,A"]
[Result "1/2-1/2"]
[WhiteElo "2311"]
[BlackElo "2525"]

1.d4 Nf6 2.c4 e6 3.g3 c5 4.d5 exd5 5.cxd5 b5 6.Nf3 Bb7 7.Bg5 h6 8.Bxf6 Qxf6
9.Nc3 b4 10.Na4 d6 11.Bg2 g6 12.O-O Bg7 13.a3 O-O 14.e4 Nd7 15.axb4 cxb4
16.Re1 Rab8 17.Rc1 Rfe8 18.Qd3 Ne5 19.Nxe5 Qxe5 20.b3 Bc8 21.Rc7 Re7 22.Rec1 Bd7
23.Qa6 Bxa4 24.Qxa4 Rxc7 25.Rxc7 Rf8 26.Qxb4 Qa1+ 27.Bf1 Bd4 28.Qd2 h5 29.Rc1 Qb2
30.Qxb2 Bxb2 31.Rc6 Ba3 32.Kg2 Re8 33.Bd3 a5 34.Rc7 Kf8 35.f4 Re7 36.Rc8+ Re8
37.Rc7 Re7 38.Rc8+ Re8 39.Rc6 Bb4 40.Kf3 Re7 41.Bb5 f6 42.Rc8+ Kg7 43.h3 Rb7
44.Bc6 Re7 45.g4  1/2-1/2

[Event "TCh-HUN 2010-11"]
[Site "Zalaegerszeg HUN"]
[Date "2010.11.21"]
[Round "3"]
[White "Horvath,Cs1"]
[Black "Sax,G"]
[Result "1/2-1/2"]
[WhiteElo "2529"]
[BlackElo "2529"]

1.d4 Nf6 2.c4 e6 3.g3 c5 4.d5 exd5 5.cxd5 d6 6.Nc3 g6 7.Bg2 Bg7 8.Nf3 O-O
9.O-O Re8 10.h3 Bd7 11.Qb3 Na6 12.Bf4 b5 13.Nxb5 c4 14.Qxc4 Rc8 15.Qb3 Nc5
16.Qc4 Na6 17.Qb3 Nc5 18.Qc4 Nce4 19.Qd3 Nc5  1/2-1/2

[Event "XXIII Belgrade Trophy"]
[Site "Obrenovac SRB"]
[Date "2010.11.26"]
[Round "3.54"]
[White "Dragomirescu,An"]
[Black "Stanimirovic,M"]
[Result "1/2-1/2"]
[WhiteElo "2171"]
[BlackElo "1946"]

1.d4 Nf6 2.c4 e6 3.g3 c5 4.d5 exd5 5.cxd5 d6 6.Nc3 g6 7.Bg2 Bg7 8.Nf3 O-O
9.O-O a6 10.a4 Bg4 11.Nd2 Qd7 12.Nc4 Qc7 13.h3 Bc8 14.e4 Re8 15.Bf4 Bf8 16.Qd2 Nbd7
17.Rfe1 Ne5 18.Bxe5 dxe5 19.d6 Qd8 20.a5 Be6 21.Nb6 Rb8 22.Rad1 Bb3 23.d7 Re6
24.Rc1 Rd6 25.Ncd5 Bxd5 26.exd5 Nxd7 27.Nc4 Rf6 28.Nxe5 Nxe5 29.Rxe5 b5 30.axb6 Rfxb6
31.Re2 Bg7 32.Rxc5 Rxb2 33.Rc2 Rxc2 34.Qxc2 Rb2  1/2-1/2

[Event "XXIII Belgrade Trophy"]
[Site "Obrenovac SRB"]
[Date "2010.11.26"]
[Round "3.48"]
[White "Halldorsson,J"]
[Black "Zarkovic,M"]
[Result "1-0"]
[WhiteElo "2196"]
[BlackElo "1975"]

1.d4 Nf6 2.c4 e6 3.g3 c5 4.d5 d6 5.Nc3 e5 6.e4 Be7 7.Bh3 O-O 8.Bd2 Ne8 9.Kf1 g6
10.Bxc8 Qxc8 11.Bh6 Ng7 12.Kg2 f5 13.f3 Nd7 14.Nh3 Rf7 15.Qe2 Qd8 16.Rhf1 a6
17.Rab1 b6 18.a3 Rb8 19.Be3 Nh5 20.exf5 gxf5 21.f4 Ng7 22.fxe5 dxe5 23.Qd2 Nf8
24.Rbe1 Ng6 25.Bg5 Ne8 26.Bxe7 Qxe7 27.Ng5 Rf6 28.Ne6 Nd6 29.b3 Re8 30.h4 e4
31.Qg5 Kh8 32.Nxe4 Rxe6 33.dxe6 fxe4 34.Rf6 Qg7 35.Rd1 Qe7 36.Rxg6 hxg6 37.Qxe7 Rxe7
38.Rxd6 Kg7 39.Rxb6 a5 40.Kf2 Kf6 41.Ke3 Kf5 42.Rc6 Rb7 43.Rxc5+ Kxe6 44.Rb5  1-0

[Event "XXIII Belgrade Trophy"]
[Site "Obrenovac SRB"]
[Date "2010.11.27"]
[Round "4.41"]
[White "Krstonijevic,S"]
[Black "Stojkovic,Mir"]
[Result "1/2-1/2"]
[WhiteElo "1998"]
[BlackElo "2242"]

1.d4 Nf6 2.c4 e6 3.g3 c5 4.d5 exd5 5.cxd5 d6 6.Nc3 g6 7.Bg2 Bg7 8.Nf3 O-O
9.Nd2 a6 10.a4 Nbd7 11.Nc4 Nb6 12.Na3 Bd7 13.O-O Rb8 14.Bf4 Qc7 15.a5 Nc8
16.Nc4 Nh5 17.Be3 b5 18.axb6 Nxb6 19.Na5 Rbe8 20.Qd2 f5 21.b3 Bc8 22.Ra2 Nd7
23.Bf3 Nhf6 24.Nc4 Ng4 25.Bxg4 fxg4 26.f3 gxf3 27.exf3 Ne5 28.Nxe5 Bxe5 29.Ne4 Qb8
30.Qd3 Rf5 31.g4 Rf7 32.Bg5 Bd7 33.Rff2 Bb5 34.Qd2 Ref8 35.Kg2 Qc8 36.h3 Qd7
37.Be3 h5 38.Ng5 hxg4 39.Nxf7 gxh3+ 40.Kh1 Qxf7  1/2-1/2

[Event "TCh-SVK Extraliga 2010-11"]
[Site "Dunajov SVK"]
[Date "2010.11.28"]
[Round "2"]
[White "Kantorik,M"]
[Black "Koval,A"]
[Result "1/2-1/2"]
[WhiteElo "2351"]
[BlackElo "2164"]

1.d4 Nf6 2.c4 e6 3.g3 c5 4.d5 exd5 5.cxd5 d6 6.Nc3 g6 7.Nf3 Bg7 8.Bg2 O-O
9.O-O a6 10.a4 Re8 11.Nd2 Nbd7 12.e4 Rb8 13.Nc4 Ne5 14.Na3 Qc7 15.f4 Ned7
16.Kh1 h5 17.h3 Nh7 18.Qd3 Ndf8 19.Be3 Bd7 20.Rac1 Ra8 21.Rf2 f5 22.Re2 fxe4
23.Bxe4 Bxh3 24.Bxg6 Nxg6 25.Qxg6 Bg4 26.Ree1 Nf8 27.Qd3 Qf7 28.Nc4 Rad8
29.Bf2 Rxe1+ 30.Rxe1 Bf5 31.Qd2 Qg6 32.Ne3 Bd7 33.a5 Re8 34.Ng2 Rxe1+ 35.Bxe1 Qf5  1/2-1/2

[Event "ch-RSSU"]
[Site "Moscow RUS"]
[Date "2010.12.02"]
[Round "2"]
[White "Uzhva,A"]
[Black "Lushenkov,M"]
[Result "1/2-1/2"]
[WhiteElo "2275"]
[BlackElo "2459"]

1.d4 Nf6 2.c4 e6 3.g3 c5 4.Nf3 cxd4 5.Nxd4 Qc7 6.b3 Bb4+ 7.Bd2 Bc5 8.e3 Nc6
9.Bc3 Be7 10.Bg2 O-O 11.O-O a6 12.Bb2 Rb8 13.Nxc6 dxc6 14.f4 Rd8  1/2-1/2

[Event "European Rapid Championship"]
[Site "Warsaw POL"]
[Date "2010.12.18"]
[Round "2"]
[White "Alvarado,C"]
[Black "Socko,B"]
[Result "0-1"]
[WhiteElo "2190"]
[BlackElo "2660"]

1.d4 Nf6 2.c4 e6 3.g3 c5 4.d5 exd5 5.cxd5 b5 6.e4 Nxe4 7.Bg2 Nd6 8.Nf3 Be7
9.O-O O-O 10.a4 Bb7 11.Bf4 b4 12.Nbd2 Ne8 13.Ne5 Bg5 14.Bxg5 Qxg5 15.f4 Qd8
16.Ndc4 d6 17.Nc6 Qc7 18.N4a5 Nf6 19.Qd3 Ba6 20.Qf3 Nxc6 21.Nxc6 Bxf1 22.Bxf1 Rfe8
23.Bd3 c4 24.Bxc4 Qb6+ 25.Kg2 Re3 26.a5 Qc5 27.Qf1 Nxd5 28.Rd1 Nf6 29.Nd4 Rae8
30.Bb5 R8e4 31.Nf3 h6 32.Rc1 Qh5 33.Rc8+ Kh7 34.Bd3 Qd5 35.Bb1 g6 36.Bxe4 Qxe4
37.Rc7 Re2+ 38.Kg1 Kg7 39.b3 Qe3+ 40.Kh1 Rf2  0-1

[Event "2nd Balkan Grand Prix Final"]
[Site "Belgrade SRB"]
[Date "2010.12.19"]
[Round "9"]
[White "Jianu,V"]
[Black "Chatalbashev,B"]
[Result "1/2-1/2"]
[WhiteElo "2538"]
[BlackElo "2611"]

1.d4 Nf6 2.c4 e6 3.g3 c5 4.d5 exd5 5.cxd5 d6 6.Nc3 g6 7.Bg2 Bg7 8.Nf3 O-O
9.O-O Re8 10.Nd2 Nbd7 11.h3 b6 12.a4 Ba6 13.Re1 h5 14.Nb5 Bxb5 15.axb5 h4
16.g4 g5 17.Nc4 Ne5 18.Ne3 Nh7 19.Ra4 Qd7 20.Qb3 Nf8 21.Bd2 Nfg6 22.Nf5 Bf6
23.Rea1 Ne7 24.Ne3 Reb8 25.Ra6 Rb7 26.Qa4 Rc8 27.Rxa7 Rxa7 28.Qxa7 Qxb5 29.Bc3 N7g6
30.Qa6 Qxa6 31.Rxa6 Nf4 32.Kf1 b5 33.Nf5 Rd8  1/2-1/2

[Event "48th ch-IND"]
[Site "New Delhi IND"]
[Date "2010.12.20"]
[Round "11"]
[White "Neelotpal,D"]
[Black "Prathamesh,S"]
[Result "1-0"]
[WhiteElo "2486"]
[BlackElo "2408"]

1.d4 Nf6 2.c4 e6 3.g3 c5 4.d5 exd5 5.cxd5 d6 6.Nc3 g6 7.Bg2 Bg7 8.Nf3 O-O
9.O-O Re8 10.Bf4 a6 11.a4 Nh5 12.Bg5 Qc7 13.Qd2 f5 14.Rfe1 Nd7 15.Rac1 Nhf6
16.Bf4 Nh5 17.Bh6 Ne5 18.Nxe5 Bxe5 19.Nd1 Qb6 20.a5 Qb3 21.Ra1 Bd7 22.Ra3 Qb5
23.Qc2 c4 24.Nc3 Qc5 25.Be3 Bd4 26.Bxd4 Qxd4 27.e3 Qe5 28.Na4 Bxa4 29.Rxa4 Rac8
30.Rxc4 Rxc4 31.Qxc4 Qxb2 32.Rc1 Nf6 33.h3 Kf7 34.Qc3 Qxc3 35.Rxc3 Rb8 36.Rc7+ Ke8
37.g4 fxg4 38.hxg4 Nd7 39.g5 Kd8 40.Rc4 Ke7 41.Re4+ Kf7 42.Re6 Rc8 43.Rxd6 Ke7
44.Rxd7+  1-0

[Event "34th Christmas Master Open"]
[Site "Zuerich SUI"]
[Date "2010.12.30"]
[Round "7"]
[White "Wyss,J"]
[Black "Klauser,M"]
[Result "0-1"]
[WhiteElo "2307"]
[BlackElo "2372"]

1.d4 Nf6 2.c4 e6 3.g3 c5 4.d5 exd5 5.cxd5 b5 6.a4 b4 7.Bg2 d6 8.a5 Be7 9.e4 Nbd7
10.f4 O-O 11.Qd3 c4 12.Qxc4 Nc5 13.a6 Re8 14.Ne2 Bg4 15.O-O Rc8 16.e5 dxe5
17.fxe5 Ncd7 18.Qf4 Nxe5 19.Nd4 Nd3 20.Qd2 Nxc1 21.Rxc1 Rxc1+ 22.Qxc1 Qb6
23.Qf4 Bc5 24.Nd2 Bxd4+ 25.Kh1 Bxb2 26.Nc4 Qd4 27.Rb1 Qxf4 28.gxf4 Bc3 29.Nd6 Re1+
30.Rxe1 Bxe1 31.Kg1 b3 32.Bf1 b2 33.Bd3 Be2  0-1

[Event "23rd Staufer-Open"]
[Site "Leinzell GER"]
[Date "2011.01.05"]
[Round "7"]
[White "Schloetzer,W"]
[Black "Rau,H"]
[Result "1-0"]
[WhiteElo "2287"]
[BlackElo "2449"]

1.d4 Nf6 2.c4 e6 3.g3 c5 4.d5 exd5 5.cxd5 b5 6.e4 Nxe4 7.Qe2 Qe7 8.Bg2 Nd6
9.Be3 Na6 10.Nh3 g6 11.Nc3 Rb8 12.a4 bxa4 13.Rxa4 Bg7 14.O-O Rb6 15.Ne4 O-O
16.Bg5 Qe5 17.Bf4 Qe8 18.Re1 Rxb2 19.Qe3 Nxe4 20.Rxe4 Qd8 21.Re8 Qb6 22.Rxf8+ Bxf8
23.Qe8 Rb1 24.Rxb1 Qxb1+ 25.Bf1  1-0

[Event "23rd Staufer-Open"]
[Site "Leinzell GER"]
[Date "2011.01.06"]
[Round "9"]
[White "Schloetzer,W"]
[Black "Jurek,J"]
[Result "1/2-1/2"]
[WhiteElo "2287"]
[BlackElo "2354"]

1.d4 Nf6 2.c4 e6 3.g3 c5 4.d5 exd5 5.cxd5 d6 6.Nc3 g6 7.Bg2 Bg7 8.Nf3 O-O
9.O-O a6 10.a4 Re8 11.Nd2 Nbd7 12.a5 b5 13.axb6 Nxb6 14.Nb3 Bd7 15.Na5 Qc7
16.Bd2 Nc8 17.Re1 Na7 18.Nc4 Nb5 19.e4 Ng4 20.h3 Ne5 21.Nxe5 Bxe5 22.Nxb5 axb5
23.Rxa8 Rxa8 24.Bc3 Bxc3 25.bxc3 Ra3 26.Qd2 Qa5 27.e5 Qxc3 28.Qxc3 Rxc3 29.exd6 Ra3
30.Re7 Ra7 31.Kf1 b4 32.Ke2 c4 33.Be4 Kf8 34.Ke3 b3 35.Kd4 b2 36.Kc3 Rb7
37.Bb1 Bc8 38.Rxb7 Bxb7 39.Kxb2 Bxd5 40.Kc3 Ke8 41.Ba2 Kd7 42.Bxc4 Kxd6 43.Bxd5 Kxd5
44.Kd3 g5 45.Ke3 Ke5 46.Kf3 Kf5 47.Ke3 Ke5 48.Kf3 h5 49.Ke3 f6 50.g4 hxg4  1/2-1/2

[Event "23rd Staufer-Open"]
[Site "Leinzell GER"]
[Date "2011.01.06"]
[Round "9"]
[White "Wenninger,P"]
[Black "Wiley,To"]
[Result "0-1"]
[WhiteElo "2104"]
[BlackElo "2295"]

1.d4 Nf6 2.c4 e6 3.g3 c5 4.d5 exd5 5.cxd5 d6 6.Nc3 g6 7.Nf3 Bg7 8.Bg2 O-O
9.O-O a6 10.a4 Nbd7 11.a5 Re8 12.Nd2 Qc7 13.Nc4 Ng4 14.Qa4 Nge5 15.Nb6 Rb8
16.f4 Ng4 17.h3 Ngf6 18.Qb3 Nxb6 19.axb6 Qd8 20.e4 Nd7 21.Na4 Bd4+ 22.Kh2 Nf6
23.Qc2 Bd7 24.Bd2 Bb5 25.Rfd1 Nd7 26.Ba5 h5 27.Bc3 Bxa4 28.Rxa4 Bxc3 29.Qxc3 Nxb6
30.Raa1 Nd7 31.Re1 Qf6 32.Qxf6 Nxf6 33.e5 Nd7 34.e6 Nf6 35.Bf3 Kf8 36.g4 hxg4
37.hxg4 fxe6 38.dxe6 Ke7 39.g5 Rh8+ 40.Kg3 Nh5+ 41.Kg4 Rhf8 42.Ra4 b5 43.Rxa6 Rxf4+
44.Kh3 Rxf3+ 45.Kg4 Rf4+ 46.Kh3 Rb7 47.Ra8 Rf8  0-1

[Event "10th Praha Open A"]
[Site "Prague CZE"]
[Date "2011.01.08"]
[Round "2"]
[White "Kovar,V"]
[Black "Vea,O"]
[Result "1-0"]
[WhiteElo "2343"]
[BlackElo "2214"]

1.d4 Nf6 2.c4 e6 3.g3 c5 4.d5 exd5 5.cxd5 d6 6.Nc3 g6 7.Nf3 Bg7 8.Bg2 O-O
9.O-O Re8 10.Bf4 a6 11.a4 h6 12.Nd2 g5 13.Be3 Ng4 14.Nc4 Nxe3 15.Nxe3 Bd4
16.Nc4 Bf5 17.Ra3 Qe7 18.e3 Bg7 19.a5 Nd7 20.Na4 Rad8 21.Rb3 Nf6 22.Nc3 Qc7
23.Qd2 Nd7 24.Na4 Nf6 25.Nc3 Nd7 26.Na4 Nf6 27.Re1 Ne4 28.Qc1 g4 29.Nc3 Ng5
30.e4 Bxc3 31.bxc3 Qe7 32.Nd2 Bc8 33.Re3 Qf6 34.Qd1 Re7 35.Qe2 Rde8 36.Rb6 h5
37.Nc4 Rd8 38.e5 Qf5 39.Nxd6 Rxd6 40.Rxd6 Bd7  1-0

[Event "Australian Open"]
[Site "Cammeray AUS"]
[Date "2011.01.09"]
[Round "7.30"]
[White "Bennett,Matthew"]
[Black "Voon,R"]
[Result "0-1"]
[WhiteElo "1650"]
[BlackElo "1904"]

1.d4 Nf6 2.c4 e6 3.g3 c5 4.Nf3 b6 5.Bg2 Bb7 6.O-O cxd4 7.Nxd4 Bxg2 8.Kxg2 Be7
9.Nc3 O-O 10.e4 d6 11.Be3 a6 12.f4 Qc7 13.Rc1 Nbd7 14.Qc2 Rfe8 15.h3 Rac8
16.b3 Qb7 17.Nf3 b5 18.cxb5 axb5 19.a3 Nc5 20.Bxc5 Rxc5 21.Qd3 Rec8 22.Nd4 b4
23.axb4 Qxb4 24.Ndb5 Nxe4 25.Na2 Qd2+ 26.Qxd2 Nxd2 27.Rxc5 Rxc5 28.Nd4 Nxf1
29.Kxf1 Rd5 30.Nc6 Kf8 31.b4 Rd2 32.Nc3 Rc2 33.Nxe7 Kxe7  0-1